| 000 | 00900cam a2200241 a 4500 | ||
|---|---|---|---|
| 003 | OSt | ||
| 005 | 20240530110423.0 | ||
| 008 | 100612s2008 ua abo f 000 0 eng d | ||
| 010 | _a 2010331301 | ||
| 020 | _a9789774161926 | ||
| 040 |
_aEG-CaGPL _cEG-CaGPL |
||
| 082 | 0 | 4 |
_221 _a962.11 _bCC/H V |
| 100 | 1 |
_aHaag, Michael, _d1943- |
|
| 245 | 1 | 0 |
_aVintage Alexandria : _bphotographs of the city, 1860-1960 / _cMichael Haag. |
| 260 |
_aCairo ; _aNew York : _bAmerican University in Cairo Press, _c2008. |
||
| 300 |
_aix, 139 p. : _bill. (some col.), maps ; _c26 cm. |
||
| 651 | 0 |
_aAlexandria (Egypt) _vPictorial works. |
|
| 651 | 0 |
_aAlexandria (Egypt) _xHistory _y19th century _vPictorial works. |
|
| 651 | 0 |
_aAlexandria (Egypt) _xHistory _y20th century _vPictorial works. |
|
| 942 |
_2ddc _cBK |
||
| 999 |
_c60703 _d60703 |
||